| 000 | 00929nam a22002537a 4500 | ||
|---|---|---|---|
| 001 | BRLA_9361 | ||
| 003 | FranzMayer | ||
| 005 | 20230918122711.0 | ||
| 008 | 230828b |||||||| |||| 00| 0 eng d | ||
| 040 |
_aMFM _bespañol _cMFM |
||
| 050 | 0 |
_aF1215.B5 _bF67 1976 |
|
| 100 | 1 |
_4Autor _aFortún, Julia Elena _929342 |
|
| 240 |
_aFolklore y artesania _lespañol |
||
| 245 | 0 | _aFolklore y artesania | |
| 260 |
_aLa paz, Bolivia _bInstituto boliviano de cultura _c1976 |
||
| 300 |
_a62 p _c19 cm |
||
| 500 | _aAnexo 1 | ||
| 500 | _aCon una dedicatoria para Ruth Lechuga en la primer página | ||
| 505 | _aTexto en: españolIncluye índice temáticoDirigido a: artistas, artesanos y personas con interés en Bolivia | ||
| 650 | 1 |
_2Indígenas de Bolivia _aVida social y cotidiana _vCostumbres _929343 |
|
| 651 | 2 |
_2Folklore _aArtesanías _vArte boliviano _929344 |
|
| 710 | 1 |
_4Impre. _aCrítica S.R.L _929345 |
|
| 942 |
_2lcc _cB |
||
| 999 |
_c10983 _d10983 |
||